|
|
|
|
| LEADER |
00974nam#a2200265#a#4500 |
| 001 |
010257 |
| 005 |
20160721145502.0 |
| 008 |
950607s1975####xxu#################eng#d |
| 020 |
|
|
|a 0536009074
|
| 040 |
|
|
|a AR-beUNQ
|
| 099 |
|
|
|a 30-S1
|
| 100 |
1 |
|
|a Slavin, Arthur J.
|
| 245 |
1 |
3 |
|a The way of the West :
|b Tradition and innovation, prehistory-1650
|c Arthur J. Slavin.
|
| 260 |
|
|
|a [New York] :
|b Xerox,
|c 1975
|
| 300 |
|
|
|a xv, 667 p.
|
| 650 |
|
7 |
|a HISTORIA
|2 Spines
|
| 650 |
|
7 |
|a PREHISTORIA
|2 Spines
|
| 650 |
|
7 |
|a HISTORIA ANTIGUA
|2 Spines
|
| 650 |
|
7 |
|a HISTORIA MEDIEVAL
|2 Spines
|
| 929 |
|
|
|a COMPRA
|b Sub. de Coord. Universitaria
|d 4,00E
|e 19950607
|g Exp. 0342/95
|j 10385
|
| 929 |
|
|
|a COMPRA
|b Sub. de Coord. Universitaria
|d 4,00E
|e 19950607
|g Exp. 0342/95
|j 10387
|
| 929 |
|
|
|a COMPRA
|b Sub. de Coord. Universitaria
|d 4,00E
|e 19950607
|g Exp. 0342/95
|j 10388
|
| 929 |
|
|
|a COMPRA
|b Sub. de Coord. Universitaria
|d 4,00E
|e 19950607
|g Exp. 0342/95
|j 10386
|
| 942 |
|
|
|c LIB
|n 0
|
| 999 |
|
|
|c 12673
|d 88060
|